| 000 | 01389nam a22003734i 4500 | ||
|---|---|---|---|
| 999 |
_c64218 _d64218 |
||
| 001 | Mimo0000458328 | ||
| 003 | CO-MdFUSB | ||
| 005 | 20180309081118.0 | ||
| 008 | 951113t19952014sp | g ||| ||spa | ||
| 017 |
_aB 3137-1995 _bOficina Depósito Legal Barcelona |
||
| 020 | _a8476457847 | ||
| 020 | _a9781503055629 | ||
| 040 |
_aSpMaBN _bspa _cCO-MdFUSB _erdc _dCO-MdFUSB |
||
| 041 | _aspa | ||
| 080 | 0 | _a22.06 | |
| 082 |
_224 _aG 220.6 _bB993a |
||
| 100 | 1 |
_aByler, Dionisio _d1949- _eautor |
|
| 245 | 0 | 3 |
_aLa autoridad de la Palabra en la Iglesia _c/ Dionisio Byler _b: |
| 264 | 1 |
_aEspaña : _bBiblioteca Menno, _c℗[2014] |
|
| 264 | 4 | _c©2014 | |
| 300 |
_a188 páginas _c20 cm _b: |
||
| 336 |
_2rdacontent _atexto _btxt |
||
| 337 |
_2rdamedia _asin mediación _bn |
||
| 338 |
_2rdacarrier _avolumen _bnc |
||
| 505 | _aAl principio hubo la palabra -- La cautividad de la Biblia -- La cruzada, la Virgen y la Biblia -- Si nos faltara la Biblia -- Jesús y el Antiguo Testamento -- Al Apocalipsis: textos abiertos y textos cerrados | ||
| 630 | 0 | 7 |
_aBiblia _xAutoridad _2embne |
| 942 | _cBK | ||
| 956 | _a1 2 | ||
| 980 |
_aB 3137-1995 _aM-BN _bBNMADRID _j7/208753 _cSG_RECOLET |
||
| 980 |
_aB 3137-1995 _aM-BN _bBNALCALA _jAHM/230424 _cSALA_ALC |
||
| 980 |
_aB 3137-1995 _aM-BN _bBNALCALA _jDL/674824 _cCONSERVACI |
||